El mito roto:sistema político y movimiento popular en la República Dominicana, 1961-1990/Laura Faxas (Registro nro. 19023)

Detalles MARC
000 -LEADER
fixed length control field 00523nam a22001811a 4500
001 - CONTROL NUMBER
control field 19023
003 - CONTROL NUMBER IDENTIFIER
control field OSt
005 - DATE AND TIME OF LATEST TRANSACTION
control field 20260204212434.0
008 - FIXED-LENGTH DATA ELEMENTS--GENERAL INFORMATION
fixed length control field 190123s2007||||dr ||||||b||||||||||spa||
020 ## - NUMERO DE LIBRO INTERNACIONAL NORMALIZADO
International Standard Book Number 9789682327261
082 ## - DEWEY DECIMAL CLASSIFICATION NUMBER
Classification number RD 320.9 F281m
100 ## - ASIENTO PRINCIPAL -- NOMBRE PERSONAL
Personal name Faxas, Laura
245 ## - TÍTULO PROPIAMENTE DICHO: SUBTÍTULO
Title El mito roto:sistema político y movimiento popular en la República Dominicana, 1961-1990/Laura Faxas
264 ## - PRODUCTION, PUBLICATION, DISTRIBUTION, MANUFACTURE, AND COPYRIGHT NOTICE
Place of production, publication, distribution, manufacture Santo Domingo:Flacso
300 ## - PHYSICAL DESCRIPTION
Extensión 367 p.
650 ## - ASIENTO SECUNDARIO DE MATERIA -- TERMINO TEMÁTICO
Termino Temático Como Elemento de Entrada 1.República Dominicana-Política-EstadoÌ
942 ## - ADDED ENTRY ELEMENTS (KOHA)
Source of classification or shelving scheme Dewey Decimal Classification
Koha item type Libros
Existencias
Withdrawn status Lost status Source of classification or shelving scheme Damaged status Not for loan Current library Date acquired Total Checkouts Full call number Barcode Date last seen Price effective from Koha item type
    Dewey Decimal Classification     Biblioteca UTECO 09/09/2019   RD 320.9 F281M 018574 09/09/2019 09/09/2019 Libros
© 2021 Derechos Reservados UTECO - Teléfono: +1 809-585-2291 - Correo electrónico: biblioteca@uteco.edu.do​  
Código postal 43000 ​​
Dirección: Avenida Universitaria No. 100, 
Cotuí, Provincia Sánchez Ramírez, República Dominicana - RNC: 404-00059-6